Studi per la valutazione della qualita'dell'aria nella provincia di Milano : aggiornamento al 31 marzo 1989 aggiornamento al 31 marzo 1989
Descripción Física:
211 p. : il. ; 30 cm
Colección:
USSL; 75/11
MARC
| LEADER | 00000nam a2200000Ia 4500 | ||
|---|---|---|---|
| 001 | 17360 | ||
| 008 | 160829s1989 xx 000 0 cat d | ||
| 080 | |a C-2-415 | ||
| 245 | |a Studi per la valutazione della qualita'dell'aria nella provincia di Milano : |b aggiornamento al 31 marzo 1989 | ||
| 260 | |a Milà : |b Municipality of Milan, |c 1989 | ||
| 300 | |a 211 p. : |b il. ; |c 30 cm | ||
| 490 | |a USSL; 75/11 | ||
| 590 | |a Text en italià i anglès | ||
| 650 | |a Aire |x Qualitat |x Milà |9 28080 | ||
| 650 | |a Aire |x Contaminació |x Milà |9 28081 | ||
| 650 | |a Milà |9 28082 | ||
| 901 | |a Arxiu | ||
| 942 | |n 1 | ||
| 952 | |0 0 |1 0 |4 0 |6 C2415 |7 1 |9 44659 |a Arxiu |b Arxiu |d 2016-12-01 |l 0 |o C-2-415 |p 17360 |r 2016-12-01 00:00:00 |w 2016-12-01 |y ARXIU | ||
| 999 | |c 47240 |d 47240 | ||